000
00343pab a2200157 454500
008
180718b1995 xxu||||| |||| 00| 0 eng d
100
_a
Mani, V.S.
245
_a
On international law
260
_c
1995
300
_a
p.35-37
362
_a
Oct
650
_a
Public law
650
_a
International law
773
_a
Seminar
909
_a
29390
999
_c
29390
_d
29390